Sports Quiz

Random Sports or State Quiz

Major League Sports Teams by Location Quiz Stats

Quiz not verified by Sporcle

Challenge
Share
Tweet
Embed
Score 0/140 Timer 20:00
0 Plays Today
State Team % Correct
MLBArizona Diamondbacks
96.1%
NFLArizona Cardinals
95.5%
MLBLos Angeles Angels of Anaheim
93.8%
NBAPhoenix Suns
92.7%
MLBLos Angeles Dodgers
89.9%
NHLPhoenix Coyotes
87.1%
MLBSan Diego Padres
87.1%
MLBOakland Athletics
86.5%
MLBSan Francisco Giants
86.5%
NBALos Angeles Lakers
84.8%
MLBFlorida Marlins
83.7%
NFLSan Diego Chargers
83.1%
NFLSan Francisco 49ers
83.1%
NFLOakland Raiders
83.1%
NFLDenver Broncos
83.1%
NBALos Angeles Clippers
82.6%
NBAMiami Heat
82.6%
NFLNew Orleans Saints
82.6%
NFLChicago Bears
82%
NFLIndianapolis Colts
82%
MLBBoston Red Sox
82%
NFLNew England Patriots
82%
MLBNew York Mets
82%
MLBNew York Yankees
82%
MLBCleveland Indians
82%
NBAGolden State Warriors
81.5%
MLBColorado Rockies
81.5%
NBADenver Nuggets
81.5%
NFLMiami Dolphins
81.5%
NFLAtlanta Falcons
81.5%
MLBChicago Cubs
81.5%
MLBDetroit Tigers
81.5%
NFLDetroit Lions
81.5%
NFLMinnesota Vikings
81.5%
NBANew York Knicks
81.5%
NBASacramento Kings
80.9%
MLBTampa Bay Rays
80.9%
MLBAtlanta Braves
80.9%
MLBChicago White Sox
80.9%
NBAChicago Bulls
80.9%
NBAIndiana Pacers
80.9%
NFLBaltimore Ravens
80.9%
NBABoston Celtics
80.9%
NBADetroit Pistons
80.9%
MLBMinnesota Twins
80.9%
NBANew Jersey Nets
80.9%
NFLNew York Giants
80.9%
State Team % Correct
NFLNew York Jets
80.9%
NFLCarolina Panthers
80.9%
NFLCleveland Browns
80.9%
NFLTampa Bay Buccaneers
80.3%
NBAOrlando Magic
80.3%
MLBBaltimore Orioles
80.3%
NHLBoston Bruins
80.3%
NFLCincinnati Bengals
80.3%
MLBPhiladelphia Phillies
80.3%
NHLLos Angeles Kings
79.8%
NFLJacksonville Jaguars
79.8%
NFLSt. Louis Rams
79.8%
MLBCincinnati Reds
79.8%
NFLPhiladelphia Eagles
79.8%
NFLTennessee Titans
79.8%
NFLDallas Cowboys
79.8%
NFLHouston Texans
79.8%
MLBSt. Louis Cardinals
79.2%
NFLKansas City Chiefs
79.2%
NBACleveland Cavaliers
79.2%
MLBPittsburgh Pirates
79.2%
NFLPittsburgh Steelers
79.2%
MLBTexas Rangers
79.2%
NHLColorado Avalanche
78.7%
NBAAtlanta Hawks
78.7%
NBANew Orleans Hornets
78.7%
NFLWashington Redskins
78.7%
NHLDetroit Red Wings
78.7%
NBAMinnesota Timberwolves
78.7%
NFLBuffalo Bills
78.7%
NBAUtah Jazz
78.7%
NFLGreen Bay Packers
78.7%
NHLChicago Blackhawks
78.1%
NHLNew York Rangers
78.1%
MLBSeattle Mariners
78.1%
MLBKansas City Royals
77.5%
NBAOklahoma City Thunder
77.5%
NBAPortland Trailblazers
77.5%
NBAPhiladelphia 76ers
77.5%
MLBHouston Astros
77.5%
NHLPittsburgh Penguins
77%
NBADallas Mavericks
77%
NBAHouston Rockets
77%
NFLSeattle Seahawks
77%
MLBMilwaukee Brewers
77%
NBACharlotte Bobcats
76.4%
NBASan Antonio Spurs
76.4%
State Team % Correct
NHLNew Jersey Devils
75.8%
NHLPhiladelphia Flyers
75.8%
NBAMilwaukee Bucks
75.3%
NHLSan Jose Sharks
74.7%
NHLSt. Louis Blues
74.7%
NHLNew York Islanders
74.7%
NHLDallas Stars
74.7%
NHLMinnesota Wild
74.2%
NHLCarolina Hurricanes
73%
NHLBuffalo Sabres
71.9%
NBAMemphis Grizzlies
71.9%
NHLAnaheim Ducks
71.3%
NHLColumbus Blue Jackets
70.2%
NHLTampa Bay Lightning
69.7%
NHLWinnipeg Jets
69.7%
NHLNashville Predators
68.5%
NHLFlorida Panthers
68%
MLSLos Angeles Galaxy
66.9%
MLSChicago Fire
56.2%
MLSColumbus Crew
48.3%
MLSReal Salt Lake
48.3%
MLSNew England Revolution
47.8%
MLSNew York Red Bulls
46.1%
MLSChivas USA
45.5%
MLSSeattle Sounders
42.1%
MLSSan Jose Earthquakes
41.6%
MLSHouston Dynamo
39.3%
MLSFC Dallas
38.8%
MLSSporting Kansas City
37.6%
MLBWashington Nationals
36%
MLBToronto Blue Jays
35.4%
MLSColorado Rapids
34.3%
NBAWashington Wizards
33.7%
NBAToronto Raptors
33.1%
NHLWashington Capitals
33.1%
NHLToronto Maple Leafs
32.6%
NHLMontreal Canadiens
32%
NHLEdmonton Oilers
31.5%
NHLVancouver Canucks
31.5%
NHLCalgary Flames
30.9%
MLSPhiladelphia Union
29.2%
NHLOttawa Senators
27.5%
MLSPortland Timbers
24.7%
MLSD.C. United
21.3%
MLSToronto FC
19.7%
MLSVancouver Whitecaps
14%

You're not logged in!

Compare scores with friends on all Sporcle quizzes.
Join for Free
OR
Log In

You Might Also Like...

Show Comments

Extras

Top Quizzes Today


Score Distribution

Your Account Isn't Verified!

In order to create a playlist on Sporcle, you need to verify the email address you used during registration. Go to your Sporcle Settings to finish the process.

Report this User

Report this user for behavior that violates our Community Guidelines.

Details: